Matter and consciousness (Record no. 1428812)

MARC details
000 -LEADER
fixed length control field 01460cam a2200433 i 4500
001 - CONTROL NUMBER
control field 17559534
005 - DATE AND TIME OF LATEST TRANSACTION
control field 20250519125420.0
008 - FIXED-LENGTH DATA ELEMENTS--GENERAL INFORMATION
fixed length control field 121211s2013 mau b 001 0 eng
010 ## - LIBRARY OF CONGRESS CONTROL NUMBER
LC control number 2012049084
020 ## - INTERNATIONAL STANDARD BOOK NUMBER
International Standard Book Number 9780262519588 (pbk. : alk. paper)
037 ## - SOURCE OF ACQUISITION
Terms of availability TB
040 ## - CATALOGING SOURCE
Original cataloging agency BL
Language of cataloging eng
Transcribing agency BL
Description conventions rda
Modifying agency BL
041 ## - LANGUAGE CODE
Source of code eng
Language code of text/sound track or separate title eng
042 ## - AUTHENTICATION CODE
Authentication code pcc
050 00 - LIBRARY OF CONGRESS CALL NUMBER
Classification number BF431
Item number .C47 2013
084 ## - COLON CLASSIFICATION NUMBER
Classification number R:(S:3) Q3
Assigning agency BL
100 1# - MAIN ENTRY--PERSONAL NAME
Personal name Churchland, Paul M.,
Dates associated with a name 1942-
9 (RLIN) 808899
245 10 - TITLE STATEMENT
Title Matter and consciousness
250 ## - EDITION STATEMENT
Edition statement 3rd Ed.
260 ## - PUBLICATION, DISTRIBUTION, ETC.
Place of publication, distribution, etc. Cambridge, Massachusetts :
Name of publisher, distributor, etc. MIT Press,
Date of publication, distribution, etc. 2013.
264 #1 - PRODUCTION, PUBLICATION, DISTRIBUTION, MANUFACTURE, AND COPYRIGHT NOTICE
Date of production, publication, distribution, manufacture, or copyright notice [2013]
300 ## - PHYSICAL DESCRIPTION
Extent xii, 288p.;
Dimensions 21 cm
336 ## - CONTENT TYPE
Content type term text
Source rdacontent
337 ## - MEDIA TYPE
Media type term unmediated
Source rdamedia
338 ## - CARRIER TYPE
Carrier type term volume
Source rdacarrier
365 ## - TRADE PRICE
Price amount 1715.00
Currency code INR
500 ## - GENERAL NOTE
General note "A Bradford book."
504 ## - BIBLIOGRAPHY, ETC. NOTE
Bibliography, etc. note Includes bibliographical references and index.
650 #0 - SUBJECT ADDED ENTRY--TOPICAL TERM
Topical term or geographic name entry element Philosophy of mind.
9 (RLIN) 808900
650 #0 - SUBJECT ADDED ENTRY--TOPICAL TERM
Topical term or geographic name entry element Intellect.
9 (RLIN) 808901
650 #0 - SUBJECT ADDED ENTRY--TOPICAL TERM
Topical term or geographic name entry element Consciousness.
9 (RLIN) 808902
650 #0 - SUBJECT ADDED ENTRY--TOPICAL TERM
Topical term or geographic name entry element Cognition.
9 (RLIN) 808903
650 #0 - SUBJECT ADDED ENTRY--TOPICAL TERM
Topical term or geographic name entry element Artificial intelligence.
9 (RLIN) 808904
650 #0 - SUBJECT ADDED ENTRY--TOPICAL TERM
Topical term or geographic name entry element Neurology.
9 (RLIN) 808905
906 ## - LOCAL DATA ELEMENT F, LDF (RLIN)
a 7
b cbc
c orignew
d 1
e ecip
f 20
g y-gencatlg
942 ## - ADDED ENTRY ELEMENTS (KOHA)
Source of classification or shelving scheme Colon Classification (CC)
Koha item type Textbook
Edition 3rd Ed.
Classification part R:(S:3) Q3
Suppress in OPAC No
Holdings
Withdrawn status Lost status Source of classification or shelving scheme Damaged status Not for loan Home library Current library Date acquired Source of acquisition Cost, normal purchase price Inventory number Total Checkouts Full call number Barcode Date last seen Price effective from Koha item type
    Colon Classification (CC)     Braille Library Braille Library 2025-05-19 Classic Book Service 1715.00 285 & 2025-02-28   R:(S:3) Q3 BL0001244 2025-05-19 2025-05-19 Textbook
Copyright @ Delhi University Library System